000 00214nam a2200085Ia 4500
008 170617s9999 xx 000 0 und d
100 _aMAHAJAN- H.S.
245 0 _aBIOPHARMACEUTIC AND PHARMACOKINATIC
260 _bNASHIK - CAREER
260 _c2012
999 _c15997
_d15997